[Event "FRA-chT4 0506"]
[Site "France"]
[Date "2006.??.??"]
[Round "8"]
[White "David, Alexandre"]
[Black "Casini, Alexandre"]
[Result "1-0"]
[WhiteElo "2157"]
[BlackElo "1945"]
[PlyCount "62"]
[EventDate "2005.10.02"]
[EventType "team"]
[EventRounds "9"]
[EventCountry "FRA"]
[SourceTitle "EXT 2007"]
[Source "ChessBase"]
[SourceDate "2006.11.23"]
[SourceVersion "1"]
[SourceVersionDate "2006.11.23"]
[SourceQuality "1"]

1. d4 Nf6 2. Nf3 e6 3. e3 b6 4. Bd3 Bb7 5. Nbd2 c5 6. 0-0 cxd4 7. exd4 Be7 8. Qe2 0-0 9. a4 Nc6 10. c3 Qc8 11. Re1 Re8 12. Nc4 Ba6 13. Bf4 d5 14. Nce5 Bxd3 15. Qxd3 Nxe5 16. Bxe5 Qc4 17. Qxc4 dxc4 18. Nd2 Rec8 19. Bxf6 Bxf6 20. f4 a6 21. Kf2 b5 22. Ke3 Kf8 23. Ra2 Rab8 24. axb5 axb5 25. Ra7 Rb6 26. Rea1 Rcb8 27. Ne4 Ke8 28. Nxf6+ gxf6 29. Ke4 Kf8 30. Rc7 R8b7 31. Ra7 Kg7 1-0